Best-Selling Books by Language - Statistics

General Stats
  • This quiz has been taken 20 times
  • The average score is 2 of 14
Answer Stats
Language Book % Correct
French The Little Prince
72%
Portuguese The Alchemist
28%
Italian The Name of the Rose
22%
Spanish One Hundred Years of Solitude
17%
Dutch The Diary of a Young Girl
11%
English A Tale of Two Cities
0%
Chinese Dream of the Red Chamber
0%
German Heidi
0%
Russian How the Steal Was Tempered
0%
Japanese Kitchen
0%
Norwegian Sophie's World
0%
Swedish The Girl with the Dragon Tattoo
0%
Czech The Good Soldier Švejk
0%
Hindi Vardi Wala Gunda
0%
No matching quizzes found
Score Distribution
Percent of People with Each Score
Percentile by Number Answered
Your Score History
You have not taken this quiz